Sports Quiz

Random Sports or NBA Quiz

NBA Top 200 Scorers (1980s) Quiz Stats

 Plays Quiz Updated Sep 30, 2015

Challenge
Share
Tweet
Embed
Score 0/200 Timer 20:00
2 Plays Today
Primary Team Player % Correct
CelticsLarry Bird
93%
LakersMagic Johnson
91.6%
JazzKarl Malone
91.4%
Rockets/SixersMoses Malone
91.3%
CelticsDennis Johnson
90.9%
PistonsVinnie Johnson
90.7%
BullsMichael Jordan
90.7%
BucksMarques Johnson
90.7%
BulletsJeff Malone
90.7%
KingsEddie Johnson
90.6%
HawksEddie Johnson
90.6%
WarriorsMickey Johnson
90.6%
Kings/BlazersSteve Johnson
90.6%
BulletsFrank Johnson
90.6%
PacersClemon Johnson
90.6%
PacersGeorge Johnson
90.6%
LakersKareem Abdul-Jabbar
86.4%
HawksDominique Wilkins
79.5%
KnicksGerald Wilkins
79%
PistonsIsiah Thomas
78.8%
CelticsKevin McHale
78.4%
NuggetsAlex English
77.1%
CelticsRobert Parish
75%
SixersJulius Erving
74.4%
SpursGeorge Gervin
73.4%
SunsTruck Robinson
72.7%
CavaliersCliff Robinson
72.7%
SixersCharles Barkley
72.2%
KnicksPatrick Ewing
70.7%
JazzJohn Stockton
70.4%
LakersJames Worthy
70.2%
BlazersClyde Drexler
69.8%
RocketsHakeem Olajuwon
69.2%
JazzAdrian Dantley
64.4%
PistonsJoe Dumars
63.5%
CavaliersRandy Smith
63.2%
ClippersDerek Smith
63.1%
WarriorsLarry Smith
63.1%
KnicksBernard King
61.5%
NetsAlbert King
61.2%
KingsReggie King
61.2%
NetsBuck Williams
60%
SonicsGus Williams
59.9%
PacersHerb Williams
59.9%
KnicksRay Williams
59.9%
ClippersFreeman Williams
59.8%
SixersBobby Jones
59.6%
SixersCaldwell Jones
59.6%
PistonsBill Laimbeer
58.8%
WarriorsChris Mullin
58.2%
MavericksMark Aguirre
53.8%
NuggetsDavid Thompson
52%
BlazersMychal Thompson
51.9%
KingsLaSalle Thompson
51.8%
CelticsDanny Ainge
51.3%
SonicsTom Chambers
50.5%
SunsWalter Davis
48.3%
LakersByron Scott
48.2%
MavericksBrad Davis
48.2%
PacersJohnny Davis
48.1%
RocketsRalph Sampson
47.4%
JazzRickey Green
47.1%
SpursAlvin Robertson
46.7%
SixersMaurice Cheeks
45.6%
CavaliersBrad Daugherty
45.4%
BlazersTerry Porter
43.8%
SonicsJack Sikma
43.1%
Primary Team Player % Correct
LakersMichael Cooper
42.6%
NuggetsWayne Cooper
42.4%
MavericksDerek Harper
42.3%
CavaliersRon Harper
42.3%
MavericksRolando Blackman
41.7%
BucksSidney Moncrief
41.5%
CavaliersWorld B. Free
41.4%
SunsLarry Nance
41.1%
Nuggets/BlazersKiki Vandeweghe
40.8%
KnicksBill Cartwright
40.5%
SonicsDale Ellis
39.8%
SpursArtis Gilmore
39%
SonicsFred Brown
38.6%
BullsCharles Oakley
38.4%
JazzMark Eaton
38.3%
Bulls/KingsReggie Theus
37.8%
BucksTerry Cummings
37.5%
CelticsCedric Maxwell
37.4%
Mavericks/KnicksPat Cummings
37.3%
CelticsTiny Archibald
37.2%
HawksKevin Willis
35.6%
LakersBob McAdoo
34.8%
BlazersKenny Carr
34.7%
BulletsElvin Hayes
34.3%
SunsAlvan Adams
33.3%
Knicks/NetsMicheal Ray Richardson
32.6%
SixersClint Richardson
32.6%
NuggetsDan Issel
32.2%
BlazersJim Paxson
32.2%
SixersAndrew Toney
30.8%
Sixers/NetsDarryl Dawkins
30.3%
HawksDoc Rivers
30.2%
NuggetsFat Lever
29.9%
MavericksSam Perkins
29.1%
WarriorsJoe Barry Carroll
28.6%
PistonsKelly Tripucka
28.4%
BullsOrlando Woolridge
28.3%
LakersNorm Nixon
28.2%
LakersJamaal Wilkes
28.2%
BulletsRick Mahorn
28.1%
BlazersJerome Kersey
27.8%
SunsMaurice Lucas
27.5%
Warriors/BucksJohn Lucas
27.4%
RocketsCalvin Murphy
27.3%
KnicksDarrell Walker
27.2%
SonicsXavier McDaniel
26.7%
BucksBob Lanier
26.3%
HawksTree Rollins
26.1%
SunsJames Edwards
25.6%
PacersChuck Person
24.6%
KingsOtis Thorpe
24.2%
WarriorsSleepy Floyd
23.5%
JazzDarrell Griffith
23.4%
SpursMike Mitchell
22.4%
BucksRicky Pierce
22.2%
SunsPaul Westphal
21.4%
WarriorsPurvis Short
20.1%
PistonsJohn Long
19.2%
RocketsRobert Reid
18.5%
JazzThurl Bailey
18.2%
RocketsJames Bailey
18.2%
KingsPhil Ford
17.4%
NetsOtis Birdsong
17.2%
PacersWayman Tisdale
17.1%
BucksPaul Pressey
16.5%
CelticsGerald Henderson
16.3%
MavericksJames Donaldson
16.1%
Primary Team Player % Correct
HawksJohn Drew
15.7%
KingsLarry Drew
15.7%
BucksCraig Hodges
15%
SpursJohnny Moore
15%
KingsScott Wedman
14.3%
NetsMike Gminski
13.4%
BulletsJeff Ruland
13.2%
SonicsAl Wood
13%
BullsDave Corzine
12.2%
NuggetsDanny Schayes
12.2%
MavericksJay Vincent
12.1%
PacersBilly Knight
12%
PacersClark Kellogg
11.9%
KnicksTrent Tucker
11.6%
PacersVern Fleming
11.4%
HawksDan Roundfield
11.4%
BlazersCalvin Natt
11.3%
ClippersMichael Cage
11.2%
RocketsRodney McCray
11.1%
BucksAlton Lister
10%
KingsMike Woodson
9.7%
PistonsKent Benson
9.5%
ClippersBenoit Benjamin
9.3%
BucksQuinn Buckner
9.2%
BucksJunior Bridgeman
9%
PacersJerry Sichting
8.8%
PistonsTerry Tyler
8.5%
NuggetsMike Evans
8.5%
BucksBrian Winters
8.2%
BullsDave Greenwood
8.2%
KnicksRory Sparrow
8.1%
HawksRandy Wittman
8%
NuggetsT.R. Dunn
7.9%
HawksCliff Levingston
7.8%
PacersSteve Stipanovich
7.7%
RocketsLewis Lloyd
7.6%
CavaliersRoy Hinson
7.5%
BullsQuintin Dailey
7.4%
CavaliersJohn Bagley
7.1%
BulletsGreg Ballard
7%
RocketsAllen Leavell
6.9%
NetsMike Newlin
6.7%
SunsKyle Macy
6.6%
ClippersMichael Brooks
6.4%
SpursGene Banks
6.1%
SonicsLonnie Shelton
6.1%
KingsErnie Grunfeld
5.9%
NuggetsBill Hanzlik
5.8%
SunsJay Humphries
5.8%
WarriorsTerry Teagle
5.8%
Blazers/CavaliersRon Brewer
5.8%
LakersMike McGee
5.6%
BulletsKevin Grevey
5.4%
KnicksLouis Orr
5.3%
BlazersDarnell Valentine
5%
CavaliersPhil Hubbard
4.8%
BullsRicky Sobers
4.8%
HawksTom McMillen
4.5%
SpursMark Olberding
4.3%
WarriorsRod Higgins
4.1%
NetsDarwin Cook
4%
BlazersKelvin Ransey
3.7%
SonicsTim McCormick
3.5%
WarriorsJerome Whitehead
3.4%
JazzBen Poquette
2.8%
CavaliersGeoff Huston
2.4%

You're not logged in!

Compare scores with friends on all Sporcle quizzes.
Join for Free
OR
Log In

You Might Also Like...

Show Comments

Extras

Top Quizzes Today


Score Distribution

Your Account Isn't Verified!

In order to create a playlist on Sporcle, you need to verify the email address you used during registration. Go to your Sporcle Settings to finish the process.

Report this User

Report this user for behavior that violates our Community Guidelines.

Details: